Top 10 Biggest North African Metropolitan Areas - Statistics

General Stats
  • This quiz has been taken 23 times
  • The average score is 8 of 10
Answer Stats
City Population % Correct
Cairo 21,700,000
100%
Tunis 2,900,000
100%
Algiers 3,300,000
95%
Casablanca 4,100,000
95%
Rabat 2,100,000
91%
Tripoli 3,500,000
91%
Alexandria 6,400,000
86%
Khartoum 6,700,000
77%
Fes 1,900,000
73%
Giza 2,800,000
23%
No matching quizzes found
Score Distribution
Percent of People with Each Score
Percentile by Number Answered
Your Score History
You have not taken this quiz